000 00348nam a2200145Ia 4500
008 150201s2002 xx 000 0 und d
082 _a610
_bM2002B
100 _aBRAMMER
245 _aMANUAL OF PHYSICAL MEDICINE & REHABILITATION
250 _a1ST
260 _bELSEVIER
_aDELHI
_c2002
300 _a1-510
650 _aMEDICINE
942 _2ddc
_cBK
999 _c4242
_d4242